Návrh riadeného striedavého zdroja pre rôzne typy záťaží

Salvato in:
Dettagli Bibliografici
Autore principale: Krajčovič, Viliam (Autore)
Altri autori: Krchnák, Jakub (Relatore della tesi)
Natura: Manoscritto Libro
Lingua:slovacco
Pubblicazione: Bratislava: STU v Bratislave FEI, 2025
Soggetti:
Accesso online:https://opac.crzp.sk/?fn=detailBiblioFormChildA11D55&sid=F3AF90715DF24108A33A10E80399&seo=CRZP-detail-kniha
Tags: Aggiungi Tag
Nessun Tag, puoi essere il primo ad aggiungerne!!

MARC

LEADER 00000ntm a22000003a 4500
001 stuzp101054
003 SK-STU
005 20260323131210.1
007 ta
008 150427s2015----xo-----f-mn---000-0-slo-d
040 |a STU  |b slo 
041 0 |a slo 
044 |a xo 
100 1 |a Krajčovič, Viliam  |u 034000  |4 aut  |U FEI Fakulta elektrotechniky a informatiky  |T FEI Ústav elektrotechniky  |X 111047  |U E040  |Y 550  |7 111047 
242 0 1 |a Design of a controller AC source for different types of loads  |y eng 
245 1 0 |a Návrh riadeného striedavého zdroja pre rôzne typy záťaží 
260 |a Bratislava:  |b STU v Bratislave FEI,  |c 2025 
300 |a 123 s. 
650 4 |a Power electronics  |2 eng 
650 4 |a Adjustable output parameters  |2 eng 
650 4 |a Power supply  |2 eng 
650 4 |a Výkonová elektronika  |2 slo 
650 4 |a Nastaviteľné výstupné parametre  |2 slo 
650 4 |a Napájací zdroj  |2 slo 
700 1 |a Krchnák, Jakub  |u 034000  |k Z1  |4 ths  |U FEI Fakulta elektrotechniky a informatiky  |T FEI Ústav elektrotechniky  |X 87089  |U E040  |Y 550  |7 87089 
856 4 |u https://opac.crzp.sk/?fn=detailBiblioFormChildA11D55&sid=F3AF90715DF24108A33A10E80399&seo=CRZP-detail-kniha